<?xml version="1.0" encoding="UTF-8"?>
<record
    xmlns:xsi="http://www.w3.org/2001/XMLSchema-instance"
    xsi:schemaLocation="http://www.loc.gov/MARC21/slim http://www.loc.gov/standards/marcxml/schema/MARC21slim.xsd"
    xmlns="http://www.loc.gov/MARC21/slim">

  <leader>01113nam a22002057a 4500</leader>
  <controlfield tag="005">20240802120110.0</controlfield>
  <datafield tag="010" ind1=" " ind2=" ">
    <subfield code="a">HIN-128118</subfield>
  </datafield>
  <datafield tag="020" ind1=" " ind2=" ">
    <subfield code="a">9788185924236</subfield>
    <subfield code="c">250.00</subfield>
  </datafield>
  <datafield tag="035" ind1=" " ind2=" ">
    <subfield code="a">HN-100464</subfield>
  </datafield>
  <datafield tag="037" ind1=" " ind2=" ">
    <subfield code="b">DBAD</subfield>
  </datafield>
  <datafield tag="082" ind1=" " ind2=" ">
    <subfield code="a">410</subfield>
    <subfield code="b">1</subfield>
  </datafield>
  <datafield tag="100" ind1=" " ind2=" ">
    <subfield code="a">&#x936;&#x94D;&#x930;&#x940;&#x930;&#x92E;&#x93E;&#x915;&#x93E;&#x928;&#x94D;&#x924;&#x936;&#x941;&#x915;&#x94D;&#x932;:,&#x906;&#x91A;&#x93E;&#x930;&#x94D;&#x92F; </subfield>
    <subfield code="9">69285</subfield>
  </datafield>
  <datafield tag="245" ind1=" " ind2=" ">
    <subfield code="a">&#x936;&#x94D;&#x930;&#x940; &#x939;&#x940;&#x930;&#x915;&#x92A;&#x94D;&#x930;&#x93E;&#x92D;&#x943;&#x943;&#x924;&#x92E;&#x94D; :</subfield>
    <subfield code="b"> &#x936;&#x94D;&#x930;&#x940;&#x930;&#x92E;&#x93E;&#x915;&#x93E;&#x928;&#x94D;&#x924;&#x936;&#x941;&#x915;&#x94D;&#x932; &#x939;&#x940;&#x930;&#x915; &#x91C;&#x92F;&#x928;&#x94D;&#x924;&#x940; &#x936;&#x941;&#x92D;&#x93E;&#x92D;&#x93F;&#x928;&#x928;&#x94D;&#x926;&#x928;&#x917;&#x94D;&#x930;&#x925;:/</subfield>
    <subfield code="c">&#x906;&#x91A;&#x93E;&#x930;&#x94D;&#x92F; &#x936;&#x94D;&#x930;&#x940;&#x930;&#x92E;&#x93E;&#x915;&#x93E;&#x928;&#x94D;&#x924;&#x936;&#x941;&#x915;&#x94D;&#x932;</subfield>
  </datafield>
  <datafield tag="260" ind1=" " ind2=" ">
    <subfield code="a">&#x928;&#x908; &#x926;&#x93F;&#x932;&#x94D;&#x932;&#x940;</subfield>
    <subfield code="b">&#x926;&#x947;&#x935;&#x935;&#x93E;&#x923;&#x940;-&#x92A;&#x930;&#x93F;&#x937;&#x926;&#x94D;</subfield>
    <subfield code="c">2015</subfield>
  </datafield>
  <datafield tag="270" ind1=" " ind2=" ">
    <subfield code="a">&#x906;&#x930;-&#x96C;,&#x935;&#x93E;&#x923;&#x940; &#x935;&#x93F;&#x939;&#x93E;&#x930; </subfield>
    <subfield code="b">&#x928;&#x908; &#x926;&#x93F;&#x932;&#x94D;&#x932;&#x940;</subfield>
  </datafield>
  <datafield tag="270" ind1=" " ind2=" ">
    <subfield code="e">110059</subfield>
    <subfield code="a">11,&#x905;&#x936;&#x94B;&#x915; &#x930;&#x94B;&#x921;</subfield>
    <subfield code="b">&#x928;&#x908; &#x926;&#x93F;&#x932;&#x94D;&#x932;&#x940;</subfield>
    <subfield code="k">01128561846</subfield>
  </datafield>
  <datafield tag="300" ind1=" " ind2=" ">
    <subfield code="a">&#x96B;&#x969;&#x96C; &#x92A;&#x943;&#x937;&#x94D;&#x920;</subfield>
    <subfield code="c">21 (&#x938;&#x93E;&#x91C;&#x93F;&#x932;&#x94D;&#x926;) </subfield>
  </datafield>
  <datafield tag="700" ind1=" " ind2=" ">
    <subfield code="a">&#x92A;&#x902;&#x902;.&#x926;&#x940;&#x928;&#x926;&#x92F;&#x93E;&#x932; &#x909;&#x92A;&#x93E;&#x927;&#x94D;&#x92F;&#x93E;&#x92F; &#x92A;&#x94D;&#x930;&#x936;&#x93F;&#x915;&#x94D;&#x937;&#x923;</subfield>
    <subfield code="9">69271</subfield>
  </datafield>
  <datafield tag="942" ind1=" " ind2=" ">
    <subfield code="c">HN</subfield>
    <subfield code="h">410</subfield>
    <subfield code="2">ddc</subfield>
    <subfield code="m">&#x936;&#x94D;&#x930;&#x940;&#x939;&#x940;&#x930;</subfield>
  </datafield>
  <datafield tag="999" ind1=" " ind2=" ">
    <subfield code="c">204718</subfield>
    <subfield code="d">204718</subfield>
  </datafield>
  <datafield tag="952" ind1=" " ind2=" ">
    <subfield code="0">0</subfield>
    <subfield code="1">0</subfield>
    <subfield code="4">0</subfield>
    <subfield code="7">0</subfield>
    <subfield code="8">NFIC</subfield>
    <subfield code="a">BL1</subfield>
    <subfield code="b">BL1</subfield>
    <subfield code="d">2024-08-02</subfield>
    <subfield code="e">DBAD</subfield>
    <subfield code="g">250.00</subfield>
    <subfield code="l">0</subfield>
    <subfield code="o">410 &#x936;&#x94D;&#x930;&#x940;&#x939;&#x940;&#x930;</subfield>
    <subfield code="p">HN-100464</subfield>
    <subfield code="r">2024-08-02 00:00:00</subfield>
    <subfield code="t">1</subfield>
    <subfield code="v">250.00</subfield>
    <subfield code="w">2024-08-02</subfield>
    <subfield code="y">HN</subfield>
  </datafield>
</record>
